000
00306nam a22001337a 4500
008
170207b xxu||||| |||| 00| 0 eng d
020
_a
9780073374512
041
_a
eng
080
_a
61
100
_a
4
101
_a
SHM
245
_a
THE COMPLETE DIAGNOSIS CODING BOOK
_c
SHELLEY SAFIAN
942
_2
udc
_c
BK
999
_c
4844
_d
4844